LARGEST CITY IN EACH STATE (YO-YO STYLE) - Statistics

General Stats
  • This quiz has been taken 34 times
    5 since last reset
  • The average score is 40 of 50
Answer Stats
Hint Answer % Correct
Alaska Anchorage
100%
Alabama Birmingham
100%
Colorado Denver
100%
Arkansas Little Rock
100%
California Los Angeles
100%
Arizona Phoenix
100%
New Mexico Albuquerque
80%
Georgia Atlanta
80%
Maine Augusta
80%
Maryland Baltimore
80%
Idaho Boise
80%
Massachusetts Boston
80%
Vermont Burlington
80%
West Virginia Charleston
80%
North Carolina Charlotte
80%
Wyoming Cheyenne
80%
Illinois Chicago
80%
South Carolina Columbia
80%
Ohio Columbus
80%
Iowa Des Moines
80%
Michigan Detroit
80%
North Dakota Fargo
80%
Hawaii Honolulu
80%
Texas Houston
80%
Indiana Indianapolis
80%
Mississippi Jackson
80%
Florida Jacksonville
80%
Missouri Kansas City
80%
Nevada Las Vegas
80%
Kentucky Louisville
80%
Tennessee Memphis
80%
Wisconsin Milwaukee
80%
Minnesota Minneapolis
80%
New Jersey Newark
80%
Louisiana New Orleans
80%
New York New York City
80%
Oklahoma Oklahoma City
80%
Nebraska Omaha
80%
Pennsylvania Philadelphia
80%
Oregon Portland
80%
Rhode Island Providence
80%
Utah Salt Lake City
80%
Washington Seattle
80%
South Dakota Sioux Falls
80%
Virginia Virginia Beach
80%
Kansas Wichita
80%
Montana Billings
60%
Connecticut Bridgeport
60%
New Hampshire Manchester
60%
Delaware Wilmington
60%
No matching quizzes found
Score Distribution
Percent of People with Each Score
Percentile by Number Answered
Your Score History
You have not taken this quiz since the last reset